000 00712nam a2200289Ia 4500
005 20260324141810.0
008 008 260324s9999 xx 000 0 eng d
020 _a9781315041742
037 _aEBOOK
040 _aCRL
040 _beng
040 _cCRL
041 _2eng
041 _aeng
084 _qCRL
100 _aJames McKernan
_9999209
245 0 _aCurriculum Action Research
245 2 _bA Handbook of Methods and Resources for the Reflective Practitioner
260 _bTaylor and Francis
260 _c1996
365 _a
365 _b230
856 _uhttp://www.taylorfrancis.com/books/9781315041742
942 _cEBOOK
999 _c1813019
_d1813019